Guess the Countries by Unknown Category #6 - Statistics

General Stats
  • This quiz has been taken 1,355 times
  • The average score is 16 of 21
Answer Stats
# Billionaires Country % Correct
615 United States
99%
268 China
96%
47 France
91%
88 Russia
91%
117 United Kingdom
91%
103 Germany
90%
90 India
90%
39 Canada
88%
24 Japan
85%
20 Spain
85%
39 Italy
84%
54 Brazil
83%
27 Australia
81%
22 Indonesia
71%
30 South Korea
71%
23 Sweden
64%
32 Turkey
59%
20 Netherlands
57%
29 Switzerland
51%
33 Taiwan
39%
CATEGORY: Most Billionaires
16%
No matching quizzes found
Score Distribution
Percent of People with Each Score
Percentile by Number Answered
Your Score History
You have not taken this quiz